000 00501nam a22001937a 4500
003 CEME
005 20210628202148.0
008 210120b xxu||||| |||| 00| 0 eng d
020 _a1-58053-882-7
040 _cceme
082 _a005.1 LEO
100 _aLeon , Alexis
_935685
245 _aSoftware configuration management handbook
250 _a2ND
260 _aLONDON
_bARTECH HOUSE
_c2005
300 _aXXIII,383P
650 _aSOFTWARE CONFIGURATION MANAGEMENT.
_958534
942 _cBK
_2ddc
999 _c568718
_d568718